American Cities Along the East Coast - Statistics

General Stats
  • This quiz has been taken 221 times
  • The average score is 14 of 15
Answer Stats
City Urban Population % Correct
Boston, MA/NH/RI 4,181,019
100%
Providence, RI/MA 1,190,956
97%
Baltimore, MD 2,203,663
95%
Bridgeport - Stamford, CT/NY 923,311
95%
New Haven, CT 562,839
95%
New York, NY/NJ/CT 18,351,295
95%
Virginia Beach, VA 1,439,666
95%
Charleston - North Charleston, SC 548,404
93%
Jacksonville, FL 1,065,219
92%
Miami, FL 5,502,379
92%
Cape Coral, FL 530,290
91%
Sarasota - Bradenton, FL 643,260
91%
Houston, TX 4,944,332
90%
Tampa - St. Petersburg, FL 2,441,770
90%
New Orleans, LA 899,703
89%
No matching quizzes found
Score Distribution
Percent of People with Each Score
Percentile by Number Answered
Your Score History
You have not taken this quiz